Normal view
MARC view
- Muir, William,
Entry Personal Name
001 - CONTROL NUMBER
- control field: 1364
003 - CONTROL NUMBER IDENTIFIER
- control field: NUST
005 - DATE AND TIME OF LATEST TRANSACTION
- control field: 20170523144314.0
008 - FIXED-LENGTH DATA ELEMENTS
- fixed length control field: 170523|| aca||aabn | a|a d
040 ## - CATALOGING SOURCE
- Original cataloging agency: NUST
- Transcribing agency: NUST
100 ## - HEADING--PERSONAL NAME
- Personal name: Muir, William,
- Titles and other words associated with a name: Sir,
- Dates associated with a name: 1819-1905.
670 ## - SOURCE DATA FOUND
- Source citation: Work cat.: (NUST)0: North-Western Provinces (India). Intelligence Department. 1362, Records of the Intelligence Department of the Government of the North-West Provinces of India during the Mutiny of 1857 :, 2007.
